00893cam a22003374i 4500003000900000005001700009008004100026035001800067040003300085082001700118100003800135245002100173264006900194300002800263336002100291337002500312338002300337505007600360526001000436526001000446526001000456526001000466526000800476526000800484526000800492526000800500526000800508526000800516526000800524650002300532PE-LiUPU20250731173543.0150616s r 000 0 d a(Sirsi) a9104 aPE-LiUPUbspacPE-LiUPUerda04a243bS782211 aSpurgeon, Charles Haddon,eautor.14aThe Soul Winner. 1aGrand Rapids, Michigan :bWm. B. Eerdmans Publishing Co.,c1978. a319 páginas ;c19 cm. atext2rdacontent aunmediated2rdamedia avolume2rdacarrier0 aLas ganancias de almas.- Conversión y arrepentimiento del ser humano. aSEG42 aSEG41 aSEG40 aSEG39 aP94 aP87 aP86 aP85 aP77 aP76 aP3504aGANANCIA DE ALMAS.